00753nam a2200205Ia 4500003000900000008004100009020001800050040001600068080002300084100002300107245010500130260003700235300001500272650004100287650003300328650003100361942000700392999001700399952013100416IN-BaIIA211028s9999 xx 000 0 eng d a0-7923-2919-8 cIIA Library a52(082.1)bASS-191 aSomov, B. V919274 0aFundamentals of cosmic electrodynamicscB. V. Somov  aDordrechtbKluwer Academicc1994 axii, 364p. aAstronomy and astrophysics thesaurus aCosmic electrodynamics93143 aMagnetohydrodynamics91666 cBK c11247d11247 00104070aBANbBANcGENd1995-03-13g4536.00l0o52(082.1)/ ASS-191p12162r2021-11-05v4536.00w1995-03-13yBKGRs. 4536.00